000
00292nam a22001337a 4500
008
181022b xxu||||| |||| 00| 0 eng d
020
_a
0690014996
041
_a
eng
080
_a
821
100
_a
21
101
_a
GJL
245
_a
The Lifetime Reading Plan
_c
Fadiman, C
942
_2
udc
_c
BK
999
_c
50557
_d
50557